000 00693nam a22001817a 4500
999 _c18647
_d18647
008 240104b ||||| |||| 00| 0 eng d
020 _a9786214182879
082 _22023
_aDFil 363.2565
_bC112
100 _aCabrillas, Tomas L.
_950553
245 _aForensic science 4 questioned document examination laboratory manual /
_cTomas L. Cabrillas and Ian Welbert B. Abelleja.
260 _aQuezon City :
_bWiseman's books trading, Inc.,
_c©2023.
300 _avii, 34 pages :
_billustrations ;
_c28 cm.
500 _aIncludes references.
650 _aWriting
_xIdentification.
_950579
650 _aForgery.
_950580
700 _aAbelleja, Ian Welbert B.
_eauthor.
_950554
942 _2ddc
_cDFIL